Srdce změny : skutečné příběhy o tom, jak lidé mění své organizce

Gespeichert in:
Bibliographische Detailangaben
Hauptverfasser: Kotter, John P. (Verfasst von), Cohen, Dan S. (Verfasst von)
Format: Buch
Sprache:Tschechisch
Veröffentlicht: Praha : Management Press, 2003
Ausgabe:1. vyd
Schlagworte:
Online-Zugang:OBSAH
Tags: Tag hinzufügen
Keine Tags, Fügen Sie das erste Tag hinzu!

MARC

LEADER 00000nam a22000003a 4500
001 stu160257
005 20150617225958.2
008 080320s2003----xr------------------cze-d
020 |a 80-7261-095-3 
040 |a STU  |b slo 
041 0 |a cze 
044 |a xr 
080 |a 005  |7 stu_us_auth*stu3822 
080 |a 65.012 
100 1 |a Kotter, John P.  |4 aut 
245 1 |a Srdce změny :  |b skutečné příběhy o tom, jak lidé mění své organizce 
250 |a 1. vyd 
260 |a Praha :  |b Management Press,  |c 2003 
300 |a 200 s 
650 7 |a manažment  |2 stusub 
650 7 |a organizačná zmena  |2 stusub 
650 7 |a manažment zmeny  |2 stusub 
700 1 |a Cohen, Dan S.  |4 aut 
856 4 |a https://sweb.mtf.stuba.sk/obsahy/srdce_zmeny_skutecne_pribehy_o_tom_jak_lidfe_meni_sve_organizace_03.pdf  |u https://sweb.mtf.stuba.sk/obsahy/srdce_zmeny_skutecne_pribehy_o_tom_jak_lidfe_meni_sve_organizace_03.pdf  |3 OBSAH 
996 |b 284M067524  |c M*12276-1  |l MMKN  |s A  |a 24  |w stu160257_0001 
996 |b 284M067526  |c M*12276-3  |l MMKN  |s A  |a 24  |w stu160257_0002